<?xml version="1.0" encoding="UTF-8"?>
<marc:record xmlns:marc="http://www.loc.gov/MARC21/slim">
   <marc:leader>00000nam a2200000 a 4500</marc:leader>
   <marc:datafield ind1="1" ind2=" " tag="100">
      <marc:subfield code="a">Schobert, Astrid</marc:subfield>
      <marc:subfield code="4">aut</marc:subfield>
      <marc:subfield code="e">Verfasser/-in</marc:subfield>
   </marc:datafield>
   <marc:datafield ind1=" " ind2=" " tag="653">
      <marc:subfield code="a">Gewichtsabnahme</marc:subfield>
   </marc:datafield>
   <marc:datafield ind1=" " ind2=" " tag="653">
      <marc:subfield code="a">Ratgeber</marc:subfield>
   </marc:datafield>
   <marc:datafield ind1=" " ind2=" " tag="653">
      <marc:subfield code="a">Kochbuch</marc:subfield>
   </marc:datafield>
   <marc:datafield ind1="0" ind2="0" tag="245">
      <marc:subfield code="a">Nie mehr Stress-Esser</marc:subfield>
   </marc:datafield>
   <marc:datafield ind1="0" ind2="0" tag="245">
      <marc:subfield code="b">Heißhunger zähmen, einfach schlank werden</marc:subfield>
   </marc:datafield>
   <marc:datafield ind1="0" ind2="0" tag="245">
      <marc:subfield code="c">Astrid Schobert</marc:subfield>
   </marc:datafield>
   <marc:datafield ind1=" " ind2="1" tag="264">
      <marc:subfield code="a">Hannover</marc:subfield>
      <marc:subfield code="b">Schlütersche</marc:subfield>
      <marc:subfield code="c">2011</marc:subfield>
   </marc:datafield>
   <marc:datafield ind1="1" ind2=" " tag="520">
      <marc:subfield code="a">Angaben aus der Verlagsmeldung

Nie mehr Stress-Esser : Heißhunger zähmen, Einfach schlank werden / von Astrid Schobert

Meetings, Deadlines und private Termine – der Kalender quillt über. Wir sind im Stress. Da bleibt die gesunde Ernährung oft auf der Strecke. Langen Essenspausen folgt Heißhunger, und den stillt man gern mit Schokolade oder Currywurst. Doch leider nimmt man so schnell zu. Astrid Schobert weist Wege aus der Stress-Ess-Falle und zeigt, wie man das stressbedingte Übergewicht besiegen kann. Sie erklärt, wie Stress unseren Stoffwechsel beeinflusst und wie wir ihn gezielt abbauen können. Dabei helfen viele leckere und leicht umsetzbare Rezepte.
</marc:subfield>
   </marc:datafield>
   <marc:datafield ind1=" " ind2=" " tag="020">
      <marc:subfield code="a">9783899935998</marc:subfield>
      <marc:subfield code="9">9783899935998</marc:subfield>
   </marc:datafield>
   <marc:datafield ind1=" " ind2=" " tag="041">
      <marc:subfield code="a">ger</marc:subfield>
   </marc:datafield>
   <marc:datafield ind1=" " ind2=" " tag="300">
      <marc:subfield code="a">176 S.</marc:subfield>
   </marc:datafield>
</marc:record>
